Selected readings in macroeconomics and capital theory / (Record no. 309)

MARC details
000 -LEADER
fixed length control field 02144nam a22001817a 4500
008 - FIXED-LENGTH DATA ELEMENTS--GENERAL INFORMATION
fixed length control field 111125t xxu||||| |||| 00| 0 eng d
020 ## - INTERNATIONAL STANDARD BOOK NUMBER
International Standard Book Number 0262030519
050 ## - LIBRARY OF CONGRESS CALL NUMBER
Classification number HB141.C37
245 ## - TITLE STATEMENT
Title Selected readings in macroeconomics and capital theory /
Statement of responsibility, etc. edited by David Cass and Lionel W. Mckenzie
260 ## - PUBLICATION, DISTRIBUTION, ETC.
Place of publication, distribution, etc. Cambridge:
Name of publisher, distributor, etc. The MIT Press,
Date of publication, distribution, etc. c1974.
300 ## - PHYSICAL DESCRIPTION
Extent 516 p.:
Other physical details ill.;
Dimensions 23cm.
500 ## - GENERAL NOTE
General note Includes index.
505 ## - FORMATTED CONTENTS NOTE
Formatted contents note Contents: A Macrodynamic theory of business cycles -- The Summation of random causes as the source of cyclic processes -- Mr Keynes and the classics: A Suggested interpretation -- Money and the theory of assets -- Process analysis and equlibrium analysis -- Liquidity preference and the theory of interest and money -- Multiplier effects of a balanced budget -- Capital expansion, rate of growth, and employment -- Macroeconomics and the theory of rational behaviour -- Sur la possibilite de construction de certains macromodels -- Note: Some conditions of macroeconomic stability -- A Multiple-region theory of income and trade -- The Nonlinear accelerator and the persistence of business cycles -- The Rate of interest -- Capital accumulation and the efficient allocation of resources -- Balanced growth under constant returns to scale -- A Generalization of the von Neuman model of an expanding economy -- A Model explaining the pareto distribution of wealth -- Comparative valuation in a dynamic input-output system -- Substitution versus fixed production coefficients in the theory of economic growth -- Rational expectations and the theory of price movements -- Buffer stocks, sales expectations and stability: A multi-sector analysis of the inventory cycle -- The Accumulation of risky capital: A sequential utility analysis -- Turnpike theorems for a generalized leontief model -- Persisistence of continual growth near the von Neuman Ray: A strong version of the Radner Turnpike theorem -- Money and economic growth -- Optimum growth in an aggregative model of capital accumulation: A Turnpike theorem.
650 ## - SUBJECT ADDED ENTRY--TOPICAL TERM
Topical term or geographic name entry element Macroeconomics
700 ## - ADDED ENTRY--PERSONAL NAME
Personal name Cass, David
700 ## - ADDED ENTRY--PERSONAL NAME
Personal name Mckenzie, Lionel W.
942 ## - ADDED ENTRY ELEMENTS (KOHA)
Source of classification or shelving scheme Library of Congress Classification
Koha item type Books
Holdings
Withdrawn status Lost status Source of classification or shelving scheme Damaged status Not for loan Home library Current library Shelving location Date acquired Total Checkouts Full call number Barcode Date last seen Price effective from Koha item type
    Library of Congress Classification     WISCONSIN INTERNATIONAL UNIVERSITY COLLEGE, GHANA - MAIN LIBRARY WISCONSIN INTERNATIONAL UNIVERSITY COLLEGE, GHANA - MAIN LIBRARY General Stacks 25/11/2011   HB141.C37 840/11 25/11/2011 25/11/2011 Books

If you have any concerns or questions; kindly contact the library


© Powered by WIUC ICT DIRECTORATE